000
00244nam a22001097a 4500
082
_a
355.02 HAR'T
100
_a
HART, LIDDELL
_9
46235
245
_a
THIS EXPANDING WAR
260
_a
LONDON
_b
FERBER & FERBER
_c
1972
300
_a
278P
942
_c
BK
999
_c
582207
_d
582207